| 000 | 00656nam a22001577a 4500 | ||
|---|---|---|---|
| 003 | OSt | ||
| 005 | 20151002165055.0 | ||
| 008 | 151002b xxu||||| |||| 00| 0 eng d | ||
| 040 | _cRUA | ||
| 082 | _aAVM LIM 1995 B069 Or.1 | ||
| 100 |
_91814 _aLIM LEANG SRENG |
||
| 245 | _astudy on poultry farm rehabilitation project at the royal university of agriculture, (ការសិក្សាគរោងបង្កើតស្ថានីយ៍ចិញ្ចឹមមាន់ នៅសាកលវិទ្យាល័យភូមិន្ទកសិកម្ម) | ||
| 260 |
_aphnom penh _bRUA _c1995 |
||
| 300 |
_a53p. _bill. _c29cm. |
||
| 942 |
_2ddc _cAVM |
||
| 999 |
_c1713 _d1713 |
||